| 000 | 00598nam a22002057a 4500 | ||
|---|---|---|---|
| 999 |
_c3628 _d3628 |
||
| 003 | AR-CdUCM | ||
| 008 | 190307b ||||| |||| 00| 0 spa d | ||
| 040 |
_aMUNICIPALIDAD PROVINCIAL DEL CUSCO _cBIBLIOTECA MUNICIPAL DEL CUSCO |
||
| 082 |
_a869.26 / _bP93 |
||
| 100 |
_aPuig, Manuel _911830 |
||
| 245 | _aThe Buenos Aires Affair / | ||
| 260 |
_aMexico D.F. : _bJoaquín Mortiz, _c1973. |
||
| 300 |
_a248 páginas ; _c19 cm. |
||
| 440 |
_aNueva Narrativa Hispánica _911831 |
||
| 650 |
_aNovela _95 |
||
| 650 |
_aAgentina _911832 |
||
| 650 |
_aSiglo XX _98 |
||
| 942 |
_2ddc _cLIBROS |
||
| 945 | _admma | ||